000 00893nam a22002657a 4500
005 2011071200270.0
008 110712t xxu||||| |||| 00| 0 eng d
010 _aENG-102984
020 _a9788120343436
_c450.00
035 _aEN-86517
037 _bDBAD / PUB
040 _adpl
_bEnglish
082 _a657.48
100 _929416
_aNarayanaswamy, R .
245 _aFinancial accounting :
_cby R. Narayanaswamy
_ba managerial perspective /
250 _a4th ed
260 _aNew Delhi
_bPHI Learning
_c2011
270 _aM-97, Connaught Circus
_bNew Delhi
_e110001
300 _axxiv, 680p.
_c29cm (pbk)
500 _aIncludes index
650 _929417
700 _929429
942 _2ddc
_cEN
_mNAR
_h657.48
999 _c53755
_d53755